00382nam a2200157Ia 4500003000400000005001700004008004100021040000700062041001200069082001900081245003600100260004200136365000800178650001800186650002000204OSt20250927161529.0210423s9999 xx 000 0 und d cAL aEnglish a305.235 bVYKI aIndian journal of youth affairs aNew DelhibVishwa Yuvaka Kendrac2010 cINR aSocial Groups aSocial Sciences